Emergence of Indian multinational Company....... (Record no. 69640)

MARC details
000 -LEADER
fixed length control field 00369nam a2200145Ia 4500
008 - FIXED-LENGTH DATA ELEMENTS--GENERAL INFORMATION
fixed length control field 221007s9999 xx 000 0 und d
041 ## - LANGUAGE CODE
Language code of text/sound track or separate title eng
082 ## - DEWEY DECIMAL CLASSIFICATION NUMBER
Classification number 330
Item number MAH
100 ## - MAIN ENTRY--PERSONAL NAME
Personal name Mahatme R S
9 (RLIN) 102438
245 ## - TITLE STATEMENT
Title Emergence of Indian multinational Company.......
260 ## - PUBLICATION, DISTRIBUTION, ETC. (IMPRINT)
Date of publication, distribution, etc. 2006
Name of publisher, distributor, etc. Pune University
Place of publication, distribution, etc. Pune
300 ## - PHYSICAL DESCRIPTION
Extent 270p
520 ## - SUMMARY, ETC.
Summary, etc. Bapat S G
906 ## - LOCAL DATA ELEMENT F, LDF (RLIN)
b General
Holdings
Withdrawn status Lost status Damaged status Not for loan Home library Current library Date acquired Vendor Total Checkouts Full call number Barcode Date last seen Bill Date Koha item type Original Barcode
        Smt. Hiraben Nanavati Institute of Management & Research for Women Smt. Hiraben Nanavati Institute of Management & Research for Women 25/07/2007 Satya Gilani   330 MAH HIMR-TH0016 07/10/2022 07/10/2022 PHD Thesis TH0016